00782nam a2200181 a 450000100100000000500170001000800410002704000250006808200160009310000400010924501330014926000420028230000280032450000610035270000530041395201190046699900150058500000736320200929154137.0090908s2003 pr a r 000 0 spa d aDO-SdBNPbspacBNPHU axxxxbP123c1 aPadilla Rodríguez, Humberto9938210aCooperativismo :buna década de luchas (1994-2003) /cHumberto Padilla Rodríguez ; prólogo Francisco A. Catalá Oliveras. aSanto DomingofAmigo del Hogarc2003. a206 p. :bil. ;c23 cm. aIncluye datos biográficos del autor en la página 2031 aCatalá Oliveras, Francisco A.,epról.920487 001054708MOaGRbGRcHDd2009-09-08iLF1l0oxxxx P123cp7363-10r2020-06-25w2020-06-25y4ZPréstamo en sala c7144d7144